[Event "GBR-ch86"]
[Site "Scarborough"]
[Date "1999.08.02"]
[Round "1.1"]
[White "Hodgson, Julian M"]
[Black "Haslinger, Stewart"]
[Result "1-0"]
[WhiteElo "2605"]
[BlackElo "2267"]
[PlyCount "89"]
[EventDate "1999.08.02"]
[EventType "swiss"]
[EventRounds "11"]
[EventCountry "GBR"]

1. d4 d5 2. c4 e6 3. Nc3 c6 4. e4 dxe4 5. Nxe4 Bb4+ 6. Bd2 Qxd4 7. Bxb4 Qxe4+
8. Be2 Na6 9. Ba5 f6 10. Qd8+ Kf7 11. Nf3 b6 12. Bc3 Bb7 13. Qd7+ Ne7 14. Qxb7
Nc5 15. Qc7 Rhc8 16. Qg3 Nf5 17. Ng5+ fxg5 18. Qxg5 Nd3+ 19. Kf1 Kg8 20. Bxd3
Qxd3+ 21. Kg1 Nd4 22. Re1 e5 23. h3 Re8 24. Kh2 Qxc4 25. Rxe5 Rxe5 26. Qxe5 Rd8
27. Rd1 c5 28. Qc7 Qd5 29. Qxa7 Qe5+ 30. Kh1 Qf5 31. Qc7 Re8 32. Bxd4 cxd4 33.
Qc4+ Qe6 34. Rxd4 Qxc4 35. Rxc4 Re2 36. Rb4 Re6 37. g3 Kf7 38. Kg2 Ke7 39. Rh4
h6 40. Kf3 Kd6 41. Re4 Rf6+ 42. Rf4 Re6 43. Rf7 g5 44. Rf5 Kc6 45. a4 1-0

[Event "GBR-ch86"]
[Site "Scarborough"]
[Date "1999.08.02"]
[Round "1.5"]
[White "Bisby, Daniel"]
[Black "Lalic, Bogdan"]
[Result "0-1"]
[WhiteElo "2252"]
[BlackElo "2550"]
[PlyCount "62"]
[EventDate "1999.08.02"]
[EventType "swiss"]
[EventRounds "11"]
[EventCountry "GBR"]

1. e4 c5 2. Nf3 Nc6 3. d4 cxd4 4. Nxd4 Nf6 5. Nc3 d6 6. Be3 e5 7. Nf5 Bxf5 8.
exf5 d5 9. Bg5 Bb4 10. Bxf6 Qxf6 11. Qxd5 Rd8 12. Qe4 Rd4 13. Qe3 O-O 14. Bd3
e4 15. Bb5 Ne7 16. O-O Nxf5 17. Qe2 Nd6 18. Rad1 Bxc3 19. bxc3 Rxd1 20. Rxd1 g6
21. Rd4 Rc8 22. Ba4 Rxc3 23. Qd1 e3 24. fxe3 Nf5 25. Rd8+ Kg7 26. e4 Rc4 27.
exf5 Rxa4 28. fxg6 hxg6 29. Rd6 Qb2 30. h3 Rxa2 31. Qf3 Ra1+ 0-1

[Event "GBR-ch86"]
[Site "Scarborough"]
[Date "1999.08.02"]
[Round "1.6"]
[White "Sasikiran, Krishnan"]
[Black "Houska, Jovanka"]
[Result "0-1"]
[WhiteElo "2536"]
[BlackElo "2251"]
[PlyCount "118"]
[EventDate "1999.08.02"]
[EventType "swiss"]
[EventRounds "11"]
[EventCountry "GBR"]

1. d4 d5 2. c4 c6 3. Nc3 Nf6 4. e3 a6 5. b3 Bg4 6. Qc2 e6 7. Bd3 Nbd7 8. Nge2
e5 9. f3 Be6 10. Bb2 Bd6 11. c5 Bc7 12. b4 Qe7 13. Qd2 e4 14. Bc2 O-O 15. Ng3
Rae8 16. O-O exf3 17. gxf3 Bh3 18. Rfe1 Nh5 19. Qf2 Qg5 20. f4 Qh4 21. Nf5
Qxf2+ 22. Kxf2 g6 23. Ng3 Ndf6 24. Nxh5 Nxh5 25. Rg1 Bd8 26. Kf3 f5 27. Bc1 h6
28. Rxg6+ Kh7 29. Rg1 Rg8 30. Bd2 Kh8 31. Ne2 Bg4+ 32. Kf2 Bh4+ 33. Rg3 Bxe2
34. Kxe2 Bxg3 35. hxg3 Nxg3+ 36. Kf2 Ne4+ 37. Bxe4 fxe4 38. Rh1 Re6 39. Be1
Reg6 40. Kf1 Kg7 41. a4 Rg4 42. a5 Kg6 43. Bf2 Rf8 44. Be1 Rf5 45. Rg1 Rxg1+
46. Kxg1 Kh5 47. Kg2 Kg4 48. Bf2 Rh5 49. Bg1 Rh3 50. Bf2 Rf3 51. Bg1 h5 52. Bf2
h4 53. Bg1 h3+ 54. Kh2 Rf1 55. f5 Rxf5 56. Kh1 Rf7 57. Kh2 Rf1 58. b5 axb5 59.
Kh1 b4 0-1

[Event "GBR-ch86"]
[Site "Scarborough"]
[Date "1999.08.02"]
[Round "1.7"]
[White "Jackson, Oliver"]
[Black "Gallagher, Joseph G"]
[Result "0-1"]
[WhiteElo "2242"]
[BlackElo "2521"]
[PlyCount "102"]
[EventDate "1999.08.02"]
[EventType "swiss"]
[EventRounds "11"]
[EventCountry "GBR"]

1. e4 c5 2. Nc3 Nc6 3. f4 g6 4. Nf3 Bg7 5. Bb5 Nd4 6. O-O Nxb5 7. Nxb5 d5 8. e5
Bg4 9. d4 a6 10. Nc3 cxd4 11. Qxd4 e6 12. Qb4 b5 13. Be3 Bf8 14. Bc5 Bxc5+ 15.
Qxc5 Rc8 16. Qa7 Ra8 17. Qf2 Bxf3 18. Qxf3 Ne7 19. Qf2 Rc8 20. Nd1 h5 21. c3
Nf5 22. Ne3 Qb6 23. Nxf5 Qxf2+ 24. Rxf2 gxf5 25. a4 b4 26. cxb4 Rc4 27. b5 axb5
28. axb5 O-O 29. Ra3 Rb8 30. Rb3 Rc5 31. b6 Rc6 32. b7 Rc7 33. Rff3 Rcxb7 34.
Rxb7 Rxb7 35. b3 Rb4 36. Kf2 Kf8 37. Ke2 Ke7 38. Kd2 Kd7 39. g3 d4 40. Kc2 Kc6
41. Rf1 Kd5 42. Re1 Rb8 43. Rb1 h4 44. Kd2 hxg3 45. hxg3 Rg8 46. Rg1 Rh8 47.
Rg2 Rb8 48. g4 Rxb3 49. Kc2 Rc3+ 50. Kb2 fxg4 51. Rxg4 Rc7 0-1

[Event "GBR-ch86"]
[Site "Scarborough"]
[Date "1999.08.02"]
[Round "1.9"]
[White "Ledger, David"]
[Black "Kosten, Anthony"]
[Result "1-0"]
[WhiteElo "2240"]
[BlackElo "2515"]
[PlyCount "71"]
[EventDate "1999.08.02"]
[EventType "swiss"]
[EventRounds "11"]
[EventCountry "GBR"]

1. e4 c5 2. Nc3 Nc6 3. g3 g6 4. d3 Bg7 5. Be3 d6 6. Qd2 e5 7. Bg2 Nd4 8. Nd1
Ne7 9. c3 Ne6 10. Bh6 O-O 11. Bxg7 Kxg7 12. Ne2 f5 13. f4 exf4 14. gxf4 Bd7 15.
O-O Bc6 16. Ne3 Qd7 17. exf5 Nxf5 18. Nxf5+ Rxf5 19. Ng3 Rff8 20. Bh3 Qf7 21.
f5 Nc7 22. fxg6 Qxg6 23. Bf5 Qh6 24. Qxh6+ Kxh6 25. Rf4 Nd5 26. Rh4+ Kg5 27.
Rh5+ Kf4 28. Rf1+ Ke3 29. Rf2 Rxf5 30. Nxf5+ Kxd3 31. Rh3+ Ke4 32. Nxd6+ Ke5
33. Nc4+ Ke4 34. Rh4+ Kd3 35. Ne5+ Ke3 36. Kf1 1-0

[Event "GBR-ch86"]
[Site "Scarborough"]
[Date "1999.08.02"]
[Round "1.10"]
[White "Hebden, Mark"]
[Black "Farndon, David"]
[Result "1-0"]
[WhiteElo "2510"]
[BlackElo "2238"]
[PlyCount "73"]
[EventDate "1999.08.02"]
[EventType "swiss"]
[EventRounds "11"]
[EventCountry "GBR"]

1. d4 Nf6 2. Nf3 g6 3. Nc3 d5 4. Bf4 Bg7 5. e3 O-O 6. Be2 c5 7. Ne5 Nc6 8. O-O
cxd4 9. exd4 Bd7 10. Bf3 e6 11. Qd2 Rc8 12. Rfe1 Ne8 13. Nd1 Nxe5 14. dxe5 f6
15. Bxd5 fxe5 16. Bg5 Qc7 17. Bb3 Nf6 18. Nc3 Rce8 19. Rad1 Bc8 20. Qd6 Qxd6
21. Rxd6 Rf7 22. Red1 h6 23. Bxf6 Bxf6 24. Ne4 b6 25. Ba4 Ref8 26. Bd7 Bb7 27.
Nxf6+ Rxf6 28. Bxe6+ Kh8 29. R1d2 Be4 30. f3 Ba8 31. Bb3 Bc6 32. Rxf6 Rxf6 33.
Rd8+ Kg7 34. Rg8+ Kh7 35. Rc8 a5 36. Rc7+ Kh8 37. Re7 1-0

[Event "GBR-ch86"]
[Site "Scarborough"]
[Date "1999.08.02"]
[Round "1.13"]
[White "Koneru, Humpy"]
[Black "Turner, Matthew"]
[Result "0-1"]
[WhiteElo "2229"]
[BlackElo "2478"]
[PlyCount "96"]
[EventDate "1999.08.02"]
[EventType "swiss"]
[EventRounds "11"]
[EventCountry "GBR"]

1. c4 c5 2. Nf3 Nc6 3. b3 e5 4. d3 d6 5. Nc3 Nge7 6. g3 g6 7. Bg2 Bg7 8. Bb2
O-O 9. O-O a6 10. Nd2 Rb8 11. Nd5 Be6 12. a3 b5 13. Rb1 f5 14. Ba1 Bf7 15.
Nxe7+ Nxe7 16. b4 cxb4 17. axb4 Qb6 18. Qb3 Rfc8 19. e3 Nc6 20. Bc3 bxc4 21.
dxc4 e4 22. Bxg7 Kxg7 23. Qc3+ Ne5 24. c5 Qd8 25. f4 exf3 26. Nxf3 Qf6 27. Nxe5
Qxe5 28. Qxe5+ dxe5 29. Rfc1 e4 30. Bf1 Rc6 31. Kf2 Kf6 32. Ke1 Ke5 33. Rb2 g5
34. b5 axb5 35. Bxb5 Rc7 36. c6 Bd5 37. Rc5 Kd6 38. Rbc2 Rb6 39. Ba4 Bxc6 40.
R2c4 Ra6 41. Bc2 Rf7 42. Rc3 Rf6 43. Bb3 Rh6 44. Rxf5 Ra1+ 45. Ke2 Rxh2+ 46.
Rf2 Bb5+ 47. Bc4 Bxc4+ 48. Rxc4 Ra2+ 0-1

[Event "GBR-ch86"]
[Site "Scarborough"]
[Date "1999.08.02"]
[Round "1.16"]
[White "Ward, Christopher G"]
[Black "Buckley, Simon"]
[Result "1-0"]
[WhiteElo "2473"]
[BlackElo "2216"]
[PlyCount "67"]
[EventDate "1999.08.02"]
[EventType "swiss"]
[EventRounds "11"]
[EventCountry "GBR"]

1. d4 Nf6 2. c4 g6 3. Nc3 Bg7 4. e4 d6 5. f3 O-O 6. Nge2 c5 7. d5 e6 8. Ng3
exd5 9. cxd5 Nbd7 10. Be2 h5 11. Bg5 a6 12. a4 Qe8 13. Qd2 Nh7 14. Bh6 f5 15.
exf5 gxf5 16. Bxg7 Kxg7 17. Qf4 Ne5 18. O-O Qg6 19. Qh4 Kh6 20. f4 Ng4 21. Rae1
Bd7 22. Bxg4 fxg4 23. Re7 Rf7 24. Nxh5 Rxe7 25. Ng3+ Kg7 26. Qxe7+ Qf7 27. Qxd6
Nf6 28. Re1 Re8 29. Re5 b5 30. axb5 axb5 31. Nce4 Nxe4 32. Nxe4 Bf5 33. Rxe8
Qxe8 34. Qf6+ 1-0

[Event "GBR-ch86"]
[Site "Scarborough"]
[Date "1999.08.02"]
[Round "1.17"]
[White "Kunte, Abhijit"]
[Black "Greet, Andrew"]
[Result "1-0"]
[WhiteElo "2465"]
[BlackElo "2215"]
[PlyCount "123"]
[EventDate "1999.08.02"]
[EventType "swiss"]
[EventRounds "11"]
[EventCountry "GBR"]

1. e4 c5 2. c3 d5 3. exd5 Qxd5 4. d4 Nf6 5. Nf3 Bg4 6. Be2 e6 7. O-O Nc6 8. Be3
cxd4 9. cxd4 Be7 10. Nc3 Qd6 11. Qb3 O-O 12. a3 Rfd8 13. Rfd1 Rac8 14. h3 Bh5
15. Rac1 Nd5 16. Nxd5 Qxd5 17. Qxd5 Rxd5 18. g4 Bg6 19. Ne5 Be4 20. f3 Bg6 21.
Nxc6 Rxc6 22. Rxc6 bxc6 23. Rc1 Rd6 24. Rc4 h6 25. Bf4 Rd5 26. Rxc6 Bf6 27. Be3
Bxd4 28. Bxd4 Rxd4 29. b4 Bd3 30. Kf2 Bxe2 31. Kxe2 Rd7 32. Rc8+ Kh7 33. b5 Kg6
34. Ke3 Kg5 35. a4 Kh4 36. a5 Rb7 37. Rc5 Kxh3 38. a6 Rb8 39. Kd4 Kg3 40. Kc4
Kxf3 41. Rc7 Ra8 42. Rxf7+ Kxg4 43. Rxg7+ Kf4 44. Kc5 e5 45. Kc6 Rc8+ 46. Kd6
Rd8+ 47. Rd7 Rb8 48. Rf7+ Kg4 49. Rb7 Ra8 50. Rg7+ Kf5 51. Kc7 Kf6 52. Rh7 Kg6
53. Rd7 Rf8 54. Kd6 Rf6+ 55. Kc5 e4 56. Rxa7 Rf5+ 57. Kc4 Kf6 58. Rd7 Ke6 59.
Rd1 e3 60. a7 e2 61. Re1 Rf8 62. b6 1-0

[Event "GBR-ch86"]
[Site "Scarborough"]
[Date "1999.08.02"]
[Round "1.18"]
[White "Stephenson, F Norman"]
[Black "Arkell, Keith C"]
[Result "0-1"]
[WhiteElo "2212"]
[BlackElo "2462"]
[PlyCount "125"]
[EventDate "1999.08.02"]
[EventType "swiss"]
[EventRounds "11"]
[EventCountry "GBR"]

1. e4 c6 2. d4 d5 3. exd5 cxd5 4. c3 g6 5. Bd3 Bg7 6. Nf3 Bg4 7. h3 Bxf3 8.
Qxf3 Nf6 9. Bf4 O-O 10. Nd2 Nc6 11. O-O a6 12. a4 Ne8 13. Rfe1 e6 14. Qg3 Rc8
15. Nf3 Nf6 16. Qh4 Nh5 17. Bg5 Qc7 18. Rad1 Rfe8 19. g4 Nf4 20. Bb1 f6 21.
Bxf6 Bxf6 22. Qxf6 Nxh3+ 23. Kg2 Nf4+ 24. Kh1 Re7 25. Qh4 Rf8 26. Qg3 e5 27.
dxe5 Nxe5 28. Ba2 Ned3 29. Rxe7 Qxe7 30. Bxd5+ Kg7 31. Nd4 Nxd5 32. Qxd3 Qh4+
33. Kg1 Qxf2+ 34. Kh1 Qh4+ 35. Kg1 Qxg4+ 36. Kh1 Ne3 37. Qxe3 Qxd1+ 38. Kh2
Qh5+ 39. Kg3 Rf7 40. Ne6+ Kg8 41. Ng5 Rf5 42. Qe8+ Kg7 43. Qe7+ Kh6 44. Nf7+
Rxf7 45. Qxf7 Qe5+ 46. Kg2 Qe4+ 47. Kg3 Qe3+ 48. Kg2 b6 49. Qf8+ Kh5 50. Qg7
Qg5+ 51. Kh2 Qf4+ 52. Kg2 Qe4+ 53. Kf2 g5 54. b4 Qf5+ 55. Kg1 b5 56. axb5 axb5
57. Qc7 Kg4 58. Qb6 Qb1+ 59. Kg2 Qc2+ 60. Kg1 Qd1+ 61. Kf2 Qd2+ 62. Kf1 Kf3 63.
Qf6+ 0-1

[Event "GBR-ch86"]
[Site "Scarborough"]
[Date "1999.08.02"]
[Round "1.19"]
[White "Rahman, Ziaur"]
[Black "Storey, Charles H"]
[Result "1-0"]
[WhiteElo "2461"]
[BlackElo "2211"]
[PlyCount "67"]
[EventDate "1999.08.02"]
[EventType "swiss"]
[EventRounds "11"]
[EventCountry "GBR"]

1. c4 g6 2. e4 Bg7 3. d4 d6 4. Nc3 Nf6 5. Nf3 O-O 6. Be2 Bg4 7. O-O e5 8. d5 c5
9. Ne1 Bc8 10. Nd3 Nbd7 11. Rb1 Ne8 12. b4 b6 13. a4 f5 14. Bd2 Ndf6 15. f3 f4
16. a5 Rf7 17. Ra1 Rb8 18. axb6 axb6 19. Nb5 Rbb7 20. Ra8 g5 21. Qa4 g4 22. Na7
Rxa7 23. Rxa7 Bd7 24. Qa6 g3 25. h3 Bf8 26. Ra8 Qe7 27. Qxb6 Nxe4 28. fxe4 Qh4
29. Rxe8 Bxh3 30. Qd8 Qh6 31. Rf3 Qg6 32. gxh3 Qxe4 33. Rxf4 Rxf4 34. Bxf4 1-0

[Event "GBR-ch86"]
[Site "Scarborough"]
[Date "1999.08.02"]
[Round "1.22"]
[White "Rudd, Jack"]
[Black "Webster, Andrew"]
[Result "1-0"]
[WhiteElo "2185"]
[BlackElo "2427"]
[PlyCount "81"]
[EventDate "1999.08.02"]
[EventType "swiss"]
[EventRounds "11"]
[EventCountry "GBR"]

1. e4 g6 2. d4 Bg7 3. c4 d6 4. Nc3 Nf6 5. Bg5 h6 6. Bh4 O-O 7. f4 c5 8. d5 a6
9. Nf3 Bg4 10. h3 Bxf3 11. Qxf3 Nbd7 12. O-O-O b5 13. cxb5 Qa5 14. bxa6 Rfb8
15. Be1 Qb4 16. Rd2 c4 17. a3 Qb3 18. Qd1 Nc5 19. e5 Nh5 20. Bf2 Nd3+ 21. Bxd3
cxd3 22. a7 Rb7 23. Qxb3 Rxb3 24. g3 dxe5 25. fxe5 Bxe5 26. Rxd3 Nf6 27. Kc2
Rb7 28. Re1 Nd7 29. a4 Bd6 30. Nb5 Nc5 31. Rd4 Nxa4 32. Nxd6 Rxb2+ 33. Kc1 Rxf2
34. Rxa4 exd6 35. Re7 Kg7 36. Rb7 Re8 37. Kd1 Ree2 38. a8=Q Rd2+ 39. Kc1 Rde2
40. Rd4 Ra2 41. Qxa2 1-0

[Event "GBR-ch86"]
[Site "Scarborough"]
[Date "1999.08.02"]
[Round "1.23"]
[White "Pert, Nicholas"]
[Black "Gokhale, Anupama"]
[Result "1/2-1/2"]
[WhiteElo "2425"]
[BlackElo "2181"]
[PlyCount "110"]
[EventDate "1999.08.02"]
[EventType "swiss"]
[EventRounds "11"]
[EventCountry "GBR"]

1. d4 d6 2. g3 g6 3. Bg2 c6 4. c4 Bg7 5. Nc3 Nf6 6. Nf3 Bg4 7. O-O Qc8 8. Ne1
O-O 9. f3 Be6 10. b3 c5 11. Nc2 cxd4 12. Nxd4 Nc6 13. Nxe6 Qxe6 14. Rb1 Qf5 15.
Kh1 Nd7 16. Bd2 Qa5 17. b4 Qd8 18. f4 Nb6 19. c5 dxc5 20. bxc5 Nc4 21. Ne4 Rb8
22. Bc1 Qxd1 23. Rxd1 Rfd8 24. Rd3 Nd4 25. Bf1 f5 26. Nd2 Na5 27. e3 Ndc6 28.
Nc4 Rxd3 29. Bxd3 Rd8 30. Be2 Kf8 31. Nxa5 Nxa5 32. Rb5 Bc3 33. Kg2 a6 34. Rb6
Bd2 35. Ba3 Bxe3 36. Bb4 Nc6 37. Rxb7 Nxb4 38. Rxb4 Bxc5 39. Ra4 Rd2 40. Kf1
Bg1 41. Kxg1 Rxe2 42. Rxa6 Ke8 43. Ra7 Kf7 44. Ra6 Ke8 45. h4 Kd7 46. Kf1 Rb2
47. Ra5 Kd6 48. a3 Ra2 49. h5 gxh5 50. Rxf5 Rxa3 51. Kg2 h4 52. gxh4 Ke6 53.
Rh5 Kf6 54. Rxh7 Kf5 55. Rf7+ Kg4 1/2-1/2

[Event "GBR-ch86"]
[Site "Scarborough"]
[Date "1999.08.02"]
[Round "1.26"]
[White "Churm, Rohan"]
[Black "Hunt, Harriet"]
[Result "0-1"]
[WhiteElo "2168"]
[BlackElo "2420"]
[PlyCount "56"]
[EventDate "1999.08.02"]
[EventType "swiss"]
[EventRounds "11"]
[EventCountry "GBR"]

1. d4 Nf6 2. c4 e6 3. Nc3 Bb4 4. Qc2 O-O 5. e4 Bxc3+ 6. bxc3 d6 7. Bd3 e5 8. c5
exd4 9. cxd4 Nc6 10. cxd6 cxd6 11. Ne2 Nb4 12. Qc3 Nxd3+ 13. Qxd3 d5 14. e5 Nd7
15. O-O Nb6 16. f4 f5 17. Ba3 Rf7 18. Nc3 Nc4 19. Nb5 Qa5 20. Rab1 a6 21. Nd6
Nxa3 22. Nxf7 Nxb1 23. e6 Bxe6 24. Ng5 Nd2 25. Rd1 Ne4 26. Nxe6 Qxa2 27. Qh3
Qf2+ 28. Kh1 Qe2 0-1

[Event "GBR-ch86"]
[Site "Scarborough"]
[Date "1999.08.02"]
[Round "1.27"]
[White "Lane, Gary William"]
[Black "Dempsey, Paul"]
[Result "1-0"]
[WhiteElo "2409"]
[BlackElo "2168"]
[PlyCount "69"]
[EventDate "1999.08.02"]
[EventType "swiss"]
[EventRounds "11"]
[EventCountry "GBR"]

1. e4 c5 2. Nf3 d6 3. d4 cxd4 4. Nxd4 Nf6 5. Nc3 a6 6. f4 Qc7 7. Nf3 e6 8. Bd3
Be7 9. O-O b5 10. Qe1 Bb7 11. e5 Nfd7 12. Qg3 g6 13. Ne4 d5 14. Neg5 Qb6+ 15.
Kh1 Nc6 16. c3 b4 17. Bd2 Nf8 18. Rae1 Bc5 19. c4 d4 20. Ne4 O-O-O 21. Nfg5 Rd7
22. Qh3 Nd8 23. Nf6 Re7 24. Nd5 Bxd5 25. cxd5 Kb8 26. d6 Ra7 27. Ne4 Nd7 28.
Rc1 h6 29. Rc4 Nb7 30. Nxc5 Ndxc5 31. Rxb4 Qc6 32. Rxd4 Rc8 33. Qe3 Nxd3 34.
Rxd3 Nc5 35. Rc3 1-0

[Event "GBR-ch86"]
[Site "Scarborough"]
[Date "1999.08.02"]
[Round "1.28"]
[White "Broomfield, Matthew"]
[Black "Bin-Sattar, Reefat"]
[Result "0-1"]
[WhiteElo "2164"]
[BlackElo "2377"]
[PlyCount "54"]
[EventDate "1999.08.02"]
[EventType "swiss"]
[EventRounds "11"]
[EventCountry "GBR"]

1. d4 d5 2. Nf3 c6 3. e3 e6 4. c4 f5 5. g4 fxg4 6. Ne5 Nf6 7. h3 g3 8. f4 Be7
9. Bg2 O-O 10. Nc3 b6 11. O-O Bb7 12. Qb3 Na6 13. Rd1 Rc8 14. e4 Bb4 15. Be3
Kh8 16. f5 exf5 17. exf5 Bxc3 18. Qxc3 Ne4 19. Bxe4 dxe4 20. Rf1 Qe7 21. Ng4
Qh4 22. f6 gxf6 23. Nxf6 Qxh3 24. Qd2 g2 25. Rf4 Rxf6 26. Rxf6 Qh1+ 27. Kf2
Qh4+ 0-1

[Event "GBR-ch86"]
[Site "Scarborough"]
[Date "1999.08.02"]
[Round "1.29"]
[White "Heidenfeld, Mark"]
[Black "Buckley, David"]
[Result "1/2-1/2"]
[WhiteElo "2368"]
[BlackElo "2163"]
[PlyCount "86"]
[EventDate "1999.08.02"]
[EventType "swiss"]
[EventRounds "11"]
[EventCountry "GBR"]

1. e4 Nf6 2. e5 Nd5 3. Bc4 Nb6 4. Bb3 c5 5. c3 d5 6. d4 cxd4 7. cxd4 Nc6 8. Nc3
Bf5 9. Nge2 e6 10. O-O Be7 11. Ng3 Bg6 12. Bf4 f5 13. Be3 O-O 14. Na4 Nxa4 15.
Bxa4 Na5 16. Bb5 Qb6 17. Qe2 Rac8 18. Rfc1 Bh4 19. Nf1 Be7 20. Bd3 Nc6 21. a3
a5 22. Rc3 Be8 23. Rac1 Bd7 24. Kh1 Na7 25. h3 Rxc3 26. Rxc3 Rc8 27. Rxc8+ Nxc8
28. g4 g6 29. Nh2 Qb3 30. Nf3 Ba4 31. Kg2 Qd1 32. Qxd1 Bxd1 33. Bd2 Bd8 34. Bb5
Bxf3+ 35. Kxf3 Kf7 36. gxf5 gxf5 37. Ke3 Na7 38. Be2 b5 39. Be1 Kg6 40. Kd3 h6
41. Kc3 h5 42. Kb3 Kh6 43. Kc2 Kg6 1/2-1/2

[Event "GBR-ch86"]
[Site "Scarborough"]
[Date "1999.08.02"]
[Round "1.30"]
[White "Ledger, Stephen C"]
[Black "Al-Rakib, Abdullah"]
[Result "0-1"]
[WhiteElo "2162"]
[BlackElo "2367"]
[PlyCount "82"]
[EventDate "1999.08.02"]
[EventType "swiss"]
[EventRounds "11"]
[EventCountry "GBR"]

1. d4 d5 2. Nf3 Nf6 3. Bf4 c5 4. e3 Nc6 5. c3 Qb6 6. Qb3 c4 7. Qxb6 axb6 8. Na3
e5 9. Nb5 Ra5 10. Nc7+ Kd8 11. dxe5 Nh5 12. Nxd5 Rxd5 13. Bxc4 Nxf4 14. Bxd5
Nxd5 15. O-O-O Kc7 16. Rxd5 Be6 17. Rd2 Bxa2 18. b4 Bc4 19. Rhd1 Be7 20. Kb2
Ra8 21. Ra1 Rxa1 22. Kxa1 Bf1 23. g3 Bc4 24. Kb2 Be6 25. Nd4 Nxe5 26. Nxe6+
fxe6 27. Rd4 Bf6 28. Kc2 b5 29. Re4 Kd6 30. Rd4+ Kc7 31. Re4 Nc4 32. Rxe6 Nd6
33. f4 Kd7 34. f5 Nxf5 35. Re4 g5 36. h4 Nd6 37. Rg4 h5 38. Rxg5 Bxg5 39. hxg5
Nf5 40. Kd3 Nxg3 41. g6 Ke6 0-1

[Event "GBR-ch86"]
[Site "Scarborough"]
[Date "1999.08.02"]
[Round "1.31"]
[White "Dunnington, Angus J"]
[Black "Waters, Clive"]
[Result "1-0"]
[WhiteElo "2366"]
[BlackElo "2158"]
[PlyCount "59"]
[EventDate "1999.08.02"]
[EventType "swiss"]
[EventRounds "11"]
[EventCountry "GBR"]

1. e4 e6 2. d3 d5 3. Qe2 Nf6 4. Nf3 Be7 5. g3 dxe4 6. dxe4 O-O 7. e5 Nd5 8. c4
Nb4 9. Nc3 Nd7 10. Be3 f5 11. exf6 Bxf6 12. Bg2 Nc5 13. O-O Nba6 14. Rad1 Qe7
15. Bd4 c6 16. Be5 Bxe5 17. Nxe5 Nb8 18. Rd2 Ncd7 19. Rfd1 Nf6 20. Ne4 Nbd7 21.
Nxd7 Nxd7 22. Nd6 Nf6 23. Bh3 Kh8 24. Re1 h6 25. Bxe6 Bxe6 26. Qxe6 Qc7 27. Qe7
Qa5 28. Rde2 Rae8 29. Nxe8 Rxe8 30. Qxb7 1-0

[Event "GBR-ch86"]
[Site "Scarborough"]
[Date "1999.08.02"]
[Round "1.33"]
[White "Cobb, James E"]
[Black "Barton, R Alan"]
[Result "1-0"]
[WhiteElo "2349"]
[BlackElo "2149"]
[PlyCount "73"]
[EventDate "1999.08.02"]
[EventType "swiss"]
[EventRounds "11"]
[EventCountry "GBR"]

1. Nf3 d6 2. d4 Bg4 3. e4 Nf6 4. Nc3 c6 5. h3 Bxf3 6. Qxf3 e6 7. Be3 Be7 8. Bd3
Nbd7 9. O-O-O a6 10. g4 h6 11. h4 h5 12. g5 Ng4 13. g6 O-O 14. gxf7+ Rxf7 15.
Qg3 Qf8 16. Rdf1 g6 17. Bc4 d5 18. Be2 Nxe3 19. fxe3 Rxf1+ 20. Rxf1 Qg7 21. Rg1
Nf6 22. e5 Ng4 23. Bxg4 hxg4 24. Qxg4 Kh7 25. Ne2 Qh6 26. Nf4 Rg8 27. h5 g5 28.
Nxe6 b6 29. Nf4 Rg7 30. Ng6 Rxg6 31. hxg6+ Qxg6 32. Qd7 Qg7 33. Rh1+ Kg8 34.
Qc8+ Qf8 35. Qe6+ Kg7 36. Qh6+ Kf7 37. Rf1+ 1-0

[Event "GBR-ch86"]
[Site "Scarborough"]
[Date "1999.08.02"]
[Round "1.34"]
[White "Mercs, Peter J"]
[Black "Knott, Simon"]
[Result "0-1"]
[WhiteElo "2123"]
[BlackElo "2348"]
[PlyCount "64"]
[EventDate "1999.08.02"]
[EventType "swiss"]
[EventRounds "11"]
[EventCountry "GBR"]

1. e4 e6 2. d4 d5 3. e5 c5 4. c3 Nc6 5. Nf3 Qb6 6. Bd3 cxd4 7. cxd4 Bd7 8. Nc3
Nxd4 9. Nxd4 Qxd4 10. O-O a6 11. Qe2 Ne7 12. Kh1 Nc6 13. f4 Nb4 14. Rd1 Nxd3
15. Rxd3 Qc4 16. b3 Qc7 17. Bb2 b5 18. Qd2 b4 19. Ne2 Bb5 20. Rc1 Qb7 21. Rf3
Bxe2 22. Qxe2 g6 23. g4 h5 24. Rh3 Bh6 25. g5 Bf8 26. f5 gxf5 27. Rxh5 d4+ 28.
Kg1 d3 29. Qd1 Rxh5 30. Qxh5 d2 31. Rc2 Rd8 32. Qd1 Qe4 0-1

[Event "GBR-ch86"]
[Site "Scarborough"]
[Date "1999.08.02"]
[Round "1.35"]
[White "Aikhoje, Odion"]
[Black "Richards, Heather"]
[Result "1-0"]
[WhiteElo "2341"]
[BlackElo "2117"]
[PlyCount "89"]
[EventDate "1999.08.02"]
[EventType "swiss"]
[EventRounds "11"]
[EventCountry "GBR"]

1. Nf3 e6 2. d4 Nf6 3. Bg5 Be7 4. Nbd2 b6 5. e3 c5 6. c3 O-O 7. Bd3 cxd4 8.
exd4 Bb7 9. Qe2 d6 10. O-O Nbd7 11. a4 Nd5 12. Qe4 g6 13. Qh4 Re8 14. Ne4 N5f6
15. a5 Nxe4 16. Bxe4 Bxe4 17. Bxe7 Qxe7 18. Qxe4 b5 19. a6 Rab8 20. Qd3 Rb6 21.
Ra5 Reb8 22. Ne1 d5 23. Nc2 Nf6 24. Re1 Ne8 25. Nb4 Qd7 26. Re2 Qc8 27. h4 Nd6
28. g3 Qc7 29. Qf3 Nf5 30. Ra1 Qd6 31. Rd1 Ne7 32. h5 Nc6 33. Nd3 Rxa6 34. Rde1
Nd8 35. h6 Qf8 36. Qf4 Nb7 37. g4 Rd6 38. g5 Re8 39. Ne5 Red8 40. Ng4 a6 41.
Nf6+ Kh8 42. Qe5 Na5 43. Nd7+ f6 44. Qxf6+ Qxf6 45. Nxf6 1-0

[Event "GBR-ch86"]
[Site "Scarborough"]
[Date "1999.08.02"]
[Round "1.36"]
[White "Lim, Chin Lee"]
[Black "Thipsay, Bhagyashree"]
[Result "0-1"]
[WhiteElo "2110"]
[BlackElo "2335"]
[PlyCount "104"]
[EventDate "1999.08.02"]
[EventType "swiss"]
[EventRounds "11"]
[EventCountry "GBR"]

1. e4 c6 2. d4 d5 3. exd5 cxd5 4. Bd3 Nc6 5. c3 Qc7 6. f4 Nf6 7. Qe2 Nxd4 8.
Qe5 Ne6 9. Nf3 Bd7 10. Qxc7 Nxc7 11. Ne5 Bb5 12. Nd2 Bxd3 13. Nxd3 e6 14. Nf3
Bd6 15. Be3 O-O 16. O-O Ne4 17. g4 Na6 18. f5 Nac5 19. Nf4 Bxf4 20. Bxf4 Nd3
21. Bc1 Rac8 22. Rb1 b6 23. Be3 Rfe8 24. Rfd1 Ndc5 25. Bf4 Nd7 26. Rd4 h6 27.
h4 e5 28. Rxd5 Nef6 29. Rd2 Rc4 30. Bh2 Rxg4+ 31. Rg2 h5 32. Rd1 Re7 33. Re1
Rxg2+ 34. Kxg2 Ng4 35. Nd4 Re8 36. Bg1 Nc5 37. Nc6 Nd3 38. Re4 Nxb2 39. Nxa7
Nd1 40. Nb5 Rd8 41. Re2 Rd3 42. Bxb6 Nxc3 43. Nxc3 Rxc3 44. a4 Ra3 45. a5 Kh7
46. Re4 g6 47. f6 g5 48. hxg5 Kg6 49. Bc7 Kxg5 50. Bxe5 Ra2+ 51. Kf3 Kf5 52.
Bd4 Ra3+ 0-1

[Event "GBR-ch86"]
[Site "Scarborough"]
[Date "1999.08.02"]
[Round "1.40"]
[White "Harris, Costas"]
[Black "Dearing, Eddie"]
[Result "0-1"]
[WhiteElo "2065"]
[BlackElo "2295"]
[PlyCount "76"]
[EventDate "1999.08.02"]
[EventType "swiss"]
[EventRounds "11"]
[EventCountry "GBR"]

1. e4 e6 2. d3 d5 3. Nd2 Nf6 4. g3 Be7 5. Bg2 O-O 6. Ngf3 c5 7. O-O Nc6 8. Re1
b5 9. e5 Nd7 10. Nf1 a5 11. h4 b4 12. N1h2 a4 13. a3 Ba6 14. Bf4 Qb6 15. Ng5
Nd4 16. axb4 cxb4 17. c3 bxc3 18. bxc3 Nb3 19. Rxa4 Qb5 20. Rxa6 Rxa6 21. c4
dxc4 22. dxc4 Qb4 23. Rf1 Ndc5 24. Qh5 Bxg5 25. hxg5 Qxc4 26. Ng4 Qd3 27. Be3
Rc8 28. Qh4 Ra4 29. Bxc5 Nxc5 30. Rc1 Qd2 31. Rxc5 Qd1+ 32. Kh2 Rxc5 33. g6
hxg6 34. Qe7 Rc8 35. Bb7 Rb8 36. Ne3 Qh5+ 37. Kg2 Ra1 38. Nf1 Ra7 0-1

[Event "GBR-ch86"]
[Site "Scarborough"]
[Date "1999.08.02"]
[Round "1.41"]
[White "Hunt, Adam"]
[Black "McDonnell, James"]
[Result "1-0"]
[WhiteElo "2288"]
[BlackElo "2051"]
[PlyCount "93"]
[EventDate "1999.08.02"]
[EventType "swiss"]
[EventRounds "11"]
[EventCountry "GBR"]

1. e4 c5 2. Nf3 Nc6 3. d4 cxd4 4. Nxd4 Nf6 5. Nc3 d6 6. Bc4 e6 7. a3 a6 8. Ba2
Be7 9. O-O O-O 10. Be3 Qc7 11. f3 Na5 12. Qd3 Bd7 13. Rad1 b5 14. Kh1 Rfc8 15.
Nde2 Be8 16. f4 Nc4 17. Bc1 h6 18. Qg3 Kh8 19. Bxc4 Qxc4 20. Rd4 Qc7 21. e5 Ng8
22. b3 f5 23. Rd3 d5 24. Nd4 Bf7 25. Bb2 Bf8 26. Nxd5 exd5 27. e6 Bh5 28. Nxf5
Re8 29. Be5 Qa7 30. Rc3 Rxe6 31. Rc7 Rg6 32. Rxa7 Rxa7 33. Qd3 Rc6 34. Qxd5
Rxc2 35. Qd4 Rf7 36. Ne3 Rc8 37. Qd5 Ne7 38. Qe6 Rc6 39. Qh3 Be2 40. Re1 b4 41.
axb4 Bb5 42. Qh5 Kg8 43. Qd1 Ng6 44. Qd5 Bxb4 45. Rd1 Rc8 46. Qe4 Ne7 47. Qxb4
1-0